Sports Quiz

Random Sports or Tennis Quiz
Score 0/16 Timer 03:00
7 Plays Today
Hint Answer % Correct
Tennis Major Grand
Slam Tournaments
U.S. Open
93.8%
Tennis Major Grand
Slam Tournaments
Wimbledon
92.8%
Medley Swimming
Strokes
Backstroke
92%
Tennis Major Grand
Slam Tournaments
French Open
90%
Medley Swimming
Strokes
Butterfly
89.8%
Tennis Major Grand
Slam Tournaments
Australian Open
89.6%
Medley Swimming
Strokes
Breaststroke
86.5%
Medley Swimming
Strokes
Freestyle
83.2%
Hint Answer % Correct
Parts of 'Hitting for
the Cycle' in Baseball
Home run
76.9%
Parts of 'Hitting for
the Cycle' in Baseball
Single
73.6%
Parts of 'Hitting for
the Cycle' in Baseball
Double
73.5%
Parts of 'Hitting for
the Cycle' in Baseball
Triple
73.5%
BASE Jumping
Categories
Building
24.8%
BASE Jumping
Categories
Antenna
13%
BASE Jumping
Categories
Span
11.6%
BASE Jumping
Categories
Earth
11.2%
Come Together.
Have Fun.
All Virtual.
We all need to come together. Play Sporcle's virtual live trivia to have fun, connect with people, and get your trivia on. Join a live hosted trivia game for your favorite pub trivia experience done virtually. If a virtual private party is more your thing, go here for details.

You're not logged in!

Compare scores with friends on all Sporcle quizzes.
OR
Log In

Sporcle TV

Today on Sporcle TV


Watch our educational content, quiz creation guides, and fun videos on Sporcle TV.

Show Comments

Extras

Top Quizzes Today


Score Distribution

Paid Content

Your Account Isn't Verified!

In order to create a playlist on Sporcle, you need to verify the email address you used during registration. Go to your Sporcle Settings to finish the process.

Report this User

Report this user for behavior that violates our Community Guidelines.

Details: